000 00549nam a2200181Ia 4500
999 _c21411
_d21411
003 OSt
005 20200701143136.0
008 190216s9999||||xx |||||||||||||| ||und||
020 _a9788125034032
040 _coclc
082 _a909
_bRAD/D
100 _aRadhakrishna, Meena
_93414
245 0 _aDishonoured By History Criminal Tribes and British Colonial Policy /
_cMeena Radhakrishna
260 _bOrient Longman,
_c2008.
_aHyderbad:
300 _a224p
650 _aHistory
942 _cBK
_2ddc
_h909
_iRAD/D
_k909
_mRAD/D